| 000 | 00601nam a2200205Ia 4500 | ||
|---|---|---|---|
| 003 | OSt | ||
| 005 | 20250204143027.0 | ||
| 008 | 210210b1996 xxu||||| |||| 00| 0 eng d | ||
| 040 | _cAL | ||
| 041 | _ahin | ||
| 082 | _aH891.9 SNAH | ||
| 100 |
_aSNATAK (Vijayendr) _9197530 |
||
| 110 |
_bस्नातक (विजायेन्द्रा) _9197531 |
||
| 245 |
_aHindi sahity ka itihas: _bहिंदी साहित्य का इतिहास |
||
| 260 |
_aN D _bSahity Akademi _c1996 |
||
| 300 | _a463 | ||
| 690 |
_aHindi Criticism _9197532 |
||
| 906 | _a052601 | ||
| 942 |
_2ddc _cBK |
||
| 999 |
_c100891 _d100891 |
||